| 000 | 00975nam a22002417a 4500 | ||
|---|---|---|---|
| 999 |
_c20815 _d20815 |
||
| 005 | 20200205103625.0 | ||
| 008 | 200205b xxu||||| |||| 00| 0 spa d | ||
| 020 | _a9803401793 | ||
| 040 |
_aCO-BoIAVH _cCO-BoIAVH |
||
| 041 | _aspa | ||
| 044 | _ave | ||
| 082 |
_a330.987 _bC82l |
||
| 110 | _aCorporación Andina de Fomento. CAF | ||
| 245 |
_aLas lecciones de el niño Venezuela: _bMemorias del Fenómeno El Niño 1997-1998 : Retos y propuestas para la región andina. |
||
| 260 |
_aCaracas: _bCorporación Andina de Fomento, _c2000. |
||
| 300 |
_a248 Páginas: _btablas, gráficos y mapas, _c28 x 22 cm. |
||
| 490 |
_aMemorias del fenómeno El Niño 1997-1998: _vVolumen 6. |
||
| 650 | 0 | _adistribución territorial | |
| 650 | 0 |
_aCambio climático _zRegión Andina. |
|
| 650 | 0 |
_aFenómeno del niño _xAspectos Económicos _zRegión Andina. |
|
| 651 | 0 |
_aFenómeno del niño _xAspectos Económicos _zVenezuela |
|
| 942 |
_2ddc _cLIBRO |
||